Kody szwajcarskiego kantonu - Statystyki

Ogólne statystyki
  • Ten quiz został rozwiązany 17 razy
  • Średni wynik to 19 z 26
Statystyki odpowiedzi
Kod Kanton % Poprawnych
GE Genewa
86%
SG Sankt Gallen
86%
SO Solura
86%
ZH Zurych
86%
AR Appenzell Ausserrhoden
71%
BE Berno
71%
FR Fryburg
71%
GL Glarus
71%
GR Gryzonia
71%
JU Jura
71%
LU Lucerna
71%
NE Neuchâtel
71%
NW Nidwalden
71%
OW Obwalden
71%
SZ Schwyz
71%
SH Szafuza
71%
TI Ticino
71%
TG Turgowia
71%
UR Uri
71%
VS Valais
71%
VD Vaud
71%
ZG Zug
71%
AI Appenzell Innerrhoden
57%
AG Argowia
57%
BS Bazylea-Miasto
57%
BL Bazylea-Okręg
57%
Nie znaleziono quizów pasujących do podanych kryteriów
Rozkład punktacji
Procent ludzi z każdym wynikiem
Percentyl według liczby udzielonych odpowiedzi
Twoja historia wyników
Nie rozwiązałeś tego quizu